000 nam a22 7a 4500
999 _c9795
_d9795
008 180208b ||||| |||| 00| 0 eng d
100 _aWilde, O
_9147
245 _aThe Happy Prince
260 _aLondon
_bPublication
_c2002